000 00664nam a22002052 4500
001 0000020659
005 20151217145926.0
008 110930s xx 000 0 eng d
020 _a0521719780 :
040 _aKABU
_cKABU
100 1 _aHouston, Kevin.
_@0000181144
245 1 0 _aHow to think like a mathematician :
_ba companion to undergraduate mathamatics /
_cKevin Houston.
250 _a1st ed.
260 _aCambridge :
_bC. U. P.,
_c2009.
300 _axi, 265 p.
650 0 _aMathematics
_xStudy and teaching (Higher)
_zUnited States.
_@0000181145
852 1 _9p2697 KES
908 _a110930
950 _@1
999 _c4161
_d4161